Ensayos en memoria de Herman Melville (Record no. 187051)

MARC details
000 -LEADER
campo de control de longitud fija 00993nam a2200241 i 4500
001 - NÚMERO DE CONTROL
campo de control 187051
003 - IDENTIFICADOR DE NÚMERO DE CONTROL
campo de control SpMaBN
005 - FECHA Y HORA DE LA ÚLTIMA TRANSACCIÓN
campo de control 20230906222815.0
008 - DATOS DE LONGITUD FIJA--INFORMACIÓN GENERAL
campo de control de longitud fija 170406s1992 sp | |||| |dspa d
020 ## - NÚMERO INTERNACIONAL ESTÁNDAR DEL LIBRO
Número Internacional Estándar del Libro 84-7719-314-2
080 ## - NÚMERO DE LA CLASIFICACIÓN DECIMAL UNIVERSAL
Número de la Clasificación Decimal Universal 929 Melville, Herman (082.2)
080 ## - NÚMERO DE LA CLASIFICACIÓN DECIMAL UNIVERSAL
Número de la Clasificación Decimal Universal 820(73) Melville, Herman 1.06(082.2)
245 00 - MENCIÓN DEL TÍTULO
Título Ensayos en memoria de Herman Melville
Resto del título : actas del congreso celebrado en la Universidad de León, en el centenario de la muerte de Herman Melville, los días 19, 20, 21 y 22 de noviembre de 1991 /
Mención de responsabilidad, etc. coordinan esta edición, Isabel Anievas ... [et al.].
260 ## - PUBLICACIÓN, DISTRIBUCIÓN, ETC.
Lugar de publicación, distribución, etc. León :
Nombre del editor, distribuidor, etc. Universidad, Secretariado de Publicaciones,
Fecha de publicación, distribución, etc. [1992]
300 ## - DESCRIPCIÓN FÍSICA
Extensión 168 p. ;
Dimensiones 24 cm.
504 ## - NOTA DE BIBLIOGRAFÍA, ETC.
Nota de bibliografía, etc. Referencias bibliográficas.
594 ## - Nota al título y mención de responsabilidad
Nota al título y mención de responsabilidad Textos en español e inglés.
600 17 - PUNTO DE ACCESO ADICIONAL DE MATERIA--NOMBRE DE PERSONA
Nombre de persona Melville, Herman-
Subdivisión de forma Homenajes.
9 (RLIN) 162305
700 1# - ENTRADA AGREGADA--NOMBRE PERSONAL
Nombre de persona Melville, Herman.
9 (RLIN) 80033
700 1# - ENTRADA AGREGADA--NOMBRE PERSONAL
Nombre de persona Anievas, Isabel.
9 (RLIN) 162306
710 2# - ENTRADA AGREGADA--NOMBRE DE ENTIDAD CORPORATIVA
Nombre de entidad corporativa o nombre de jurisdicción como elemento de entrada Universidad de León.
9 (RLIN) 7200
852 ## - LOCALIZACIÓN
Ubicación ES-MaACL
Número de control de estantería L-31372
Holdings
Estatus retirado Estado de pérdida Estado de daño No para préstamo Biblioteca de origen Biblioteca actual Ubicación en estantería Fecha de adquisición Fuente de adquisición Total de préstamos Signatura topográfica completa Código de barras Visto por última vez Precio de reemplazo Tipo de ítem Koha
        Biblioteca del Ateneo de Madrid Biblioteca del Ateneo de Madrid Depósito 2 06/04/2017     L-31372 1197338 23/02/2023 23/02/2023 Libro impreso